|
|
|
|
| LEADER |
00000naa2a2200000 4500 |
| 001 |
193324 |
| 005 |
20231031181845.0 |
| 035 |
|
|
|a (RuTPU)RU\TPU\book\210841
|
| 090 |
|
|
|a 193324
|
| 100 |
|
|
|a 20110322d2010 k y0rusy50 ca
|
| 101 |
0 |
|
|a rus
|
| 102 |
|
|
|a RU
|
| 200 |
1 |
|
|a Положение работника в фирме: специфика американской и японской систем управления
|f М. Дулевич
|
| 320 |
|
|
|a Библиогр.: 7 назв.
|
| 463 |
|
0 |
|0 (RuTPU)RU\TPU\book\205127
|y 978-5-98298-643-6
|t Актуальные проблемы гуманитарных наук
|o сборник трудов IX Международной научно-практической конференции студентов, аспирантов и молодых ученых, 22-23 апреля 2010 г., Томск
|f Национальный исследовательский Томский политехнический университет (ТПУ)
|v С. 148-151
|d 2010
|p 564 с.
|
| 610 |
1 |
|
|a управление
|
| 610 |
1 |
|
|a системы
|
| 610 |
1 |
|
|a Япония
|
| 610 |
1 |
|
|a США
|
| 610 |
1 |
|
|a фирмы
|
| 610 |
1 |
|
|a работники
|
| 610 |
1 |
|
|a организация труда
|
| 610 |
1 |
|
|a мобильность
|
| 610 |
1 |
|
|a пожизненный наём
|
| 610 |
1 |
|
|a управление персоналом
|
| 610 |
1 |
|
|a труды учёных ТПУ
|
| 700 |
|
1 |
|a Дулевич
|b М.
|
| 801 |
|
1 |
|a RU
|b 63413507
|c 20110322
|
| 801 |
|
2 |
|a RU
|b 63413507
|c 20131107
|g RCR
|
| 942 |
|
|
|c BK
|